| 000 | 01060nam a2200253Ia 4500 | ||
|---|---|---|---|
| 003 | GCL | ||
| 008 | 140319s9999 xx 000 0 ara d | ||
| 040 |
_aGCL / _cGCL |
||
| 082 | 0 | 4 |
_a709.1 _bط ك |
| 100 | 1 | _aاكمل الدين احسان اوغلى | |
| 245 | 1 | 0 |
_aالكعبة المشرفة دراسة اثرية لمجموعة اقفالها ومفاتيحها المحفوظة فى متحف طوبى قابى باستانبول / _cاكمل الدين احسان اوغلى |
| 700 | 1 | _aتحسين عمر طه أوغلى | |
| 700 | 1 | _aطرجاز يلماز | |
| 700 | 1 | _aاحمد محمد يحيى | |
| 260 |
_a[S.N] : _bمركز الابحاث للتاريخ والفنون والثقافة ، _c1993 |
||
| 490 |
_aسلسلة الفنون الاسلامية والحرف اليدوى _v0 |
||
| 650 | 0 | 4 | _aالكعبة |
| 650 | 0 | 4 | _aالاثار الاسلامية |
| 650 | 0 | 4 | _aالحضارة الاسلامية |
| 650 | 0 | 4 | _aالزخرفة |
| 650 | 0 | 4 | _aالفنون والحرف |
| 650 | 0 | 4 | _aالفن الاسلامى |
| 942 |
_2ddc _cBK |
||
| 999 |
_c30314 _d30314 |
||